| 000 | 00750nam a22002297a 4500 | ||
|---|---|---|---|
| 999 |
_c7612 _d7612 |
||
| 003 | OSt | ||
| 005 | 20220118144215.0 | ||
| 008 | 220118b ||||| |||| 00| 0 eng d | ||
| 020 | _a0443017891 | ||
| 040 | _c040A | ||
| 082 |
_aQW 4 _bD879m 1978 |
||
| 100 |
_aDuguid, J.P _915559 |
||
| 245 |
_aMackie and McCartney medical microbiology : _ba guide to the laboratory diagnosis and control of infection/ _cJ.P Duguid, B.P Marmion, R.H.A Swain |
||
| 250 | _a13th.ed. | ||
| 260 |
_aEdinburgh _bChurchill Livingstone _c1978 |
||
| 300 |
_axii, 666p; _bcol.ill: _c24cm. |
||
| 504 | _aIncludes index and bibliographical references | ||
| 650 | _2Medical Microbiology | ||
| 700 |
_aMarmion,B.P _915560 |
||
| 700 |
_aSwain, R.H.A _915561 |
||
| 942 |
_2z _cO_SHELF |
||